|
|
|
|
| LEADER |
00000cam a2200000 7i4500 |
| 001 |
0000038761 |
| 005 |
20131121.0 |
| 008 |
131120 |
| 020 |
|
|
|a 9674280468
|
| 090 |
0 |
0 |
|a 297.642
|b MOH
|
| 100 |
1 |
|
|a Mohamad Zaka Al Farisi
|
| 245 |
1 |
0 |
|a Pernikahan sesuci nabi saw & Khadijah :
|b sentiasa love u
|c Mohamad Zaka Al Farisi
|
| 260 |
|
|
|a KL :
|b Synergy Media ,
|c [s.n]
|
| 440 |
|
|
|a Siri konsep perkahwinan
|
| 650 |
|
0 |
|a Marriage religious aspects Islam
|
| 650 |
|
0 |
|a Parenting religious aspects Islam
|
| 999 |
|
|
|a 0001244721
|b Book
|c Adult Collection
|e Cawangan Bandar Tenggara
|
| 999 |
|
|
|a 0001244722
|b Book
|c Adult Collection
|e Cawangan Bandar Penawar
|
| 999 |
|
|
|a 0001244723
|b Book
|c Adult Collection
|e Cawangan Tmn. Ungku Tun Aminah
|
| 999 |
|
|
|a 0001244724
|b Book
|c Adult Collection
|e Cawangan Bukit Gambir
|
| 999 |
|
|
|a 0001244726
|b Book
|c Adult Collection
|e Cawangan Segamat
|
| 999 |
|
|
|a 0001244729
|b Book
|c Adult Collection
|e Cawangan Kota Tinggi
|
| 999 |
|
|
|a 0001244730
|b Book
|c Adult Collection
|e Cawangan Muar
|
| 999 |
|
|
|a 0001244731
|b Book
|c Adult Collection
|e Cawangan Mersing
|
| 999 |
|
|
|a 0001244732
|b Book
|c Adult Collection
|e Cawangan Tangkak
|
| 999 |
|
|
|a 0001249107
|b Book
|c Adult Collection
|e Perbadanan Perpustakaan Awam Johor
|
| 999 |
|
|
|a 0001249108
|b Book
|c Adult Collection
|e Perbadanan Perpustakaan Awam Johor
|
| 999 |
|
|
|a 0001249109
|b Book
|c Adult Collection
|e Perbadanan Perpustakaan Awam Johor
|